[Event "Budapest FS10 IM"]
[Site "Budapest"]
[Date "2007.10.18"]
[Round "13"]
[White "Farago, Sandor"]
[Black "Charpenel Elorduy, Mauricio"]
[Result "1/2-1/2"]
[WhiteElo "2261"]
[BlackElo "2092"]
[PlyCount "30"]
[EventDate "2007.10.06"]
[EventType "tourn"]
[EventRounds "13"]
[EventCountry "HUN"]
[EventCategory "1"]
[SourceTitle "CBM 120 Extra"]
[Source "ChessBase"]
[SourceDate "2007.11.01"]
[SourceVersion "1"]
[SourceVersionDate "2007.11.01"]
[SourceQuality "1"]

1. Nf3 f5 2. d4 Nf6 3. g3 e6 4. Bg2 Be7 5. 0-0 0-0 6. b3 Qe8 7. Bb2 d5 8. Nbd2 c6 9. c4 Ne4 10. Qc2 Qh5 11. e3 Nd7 12. Ne5 Nxe5 13. dxe5 Bd7 14. f3 Nxd2 15. Qxd2 Bc5 1/2-1/2

[Event "Budapest FS10 IM"]
[Site "Budapest"]
[Date "2007.10.12"]
[Round "7"]
[White "Charpenel Elorduy, Mauricio"]
[Black "Cooke, Eric"]
[Result "0-1"]
[WhiteElo "2092"]
[BlackElo "2253"]
[PlyCount "84"]
[EventDate "2007.10.06"]
[EventType "tourn"]
[EventRounds "13"]
[EventCountry "HUN"]
[EventCategory "1"]
[SourceTitle "CBM 120 Extra"]
[Source "ChessBase"]
[SourceDate "2007.11.01"]
[SourceVersion "1"]
[SourceVersionDate "2007.11.01"]
[SourceQuality "1"]

1. d4 d5 2. Nf3 Nf6 3. c4 e6 4. e3 c5 5. Be2 Nc6 6. b3 Be7 7. 0-0 0-0 8. Bb2 b6 9. Nbd2 Bb7 10. Ne5 Qc7 11. Ndf3 Rac8 12. Nxc6 Bxc6 13. Rc1 dxc4 14. Bxc4 Ng4 15. g3 h5 16. Be2 f5 17. Qc2 h4 18. Ne5 Nxe5 19. dxe5 hxg3 20. hxg3 Kf7 21. f3 Rh8 22. Kg2 Bg5 23. Bc4 g6 24. Rcd1 Bxe3 25. Rd6 Rce8 26. Rfd1 Qb7 27. Rxc6 Qxc6 28. Rd6 Qc8 29. Qd3 Bd4 30. Bxd4 cxd4 31. Qxd4 Re7 32. Qd2 Qc5 33. Rxe6 Rxe6 34. Qd7+ Qe7 35. Bxe6+ Kf8 36. Qd5 Kg7 37. Bd7 Qb4 38. Bxf5 Qe7 39. Bd7 Qa3 40. Qd2 Qc5 41. f4 Qc7 42. e6 Qb7+ 0-1

[Event "Mexico City Icaro op"]
[Site "Mexico City"]
[Date "2007.04.29"]
[Round "6"]
[White "Charpenel Elorduy, Mauricio"]
[Black "Ferriz Carrasquedo, Alfonso"]
[Result "1-0"]
[WhiteElo "2102"]
[BlackElo "2056"]
[PlyCount "87"]
[EventDate "2007.04.27"]
[EventType "swiss"]
[EventRounds "9"]
[EventCountry "MEX"]
[SourceTitle "CBM 118 Extra"]
[Source "ChessBase"]
[SourceDate "2007.07.04"]
[SourceVersion "1"]
[SourceVersionDate "2007.07.04"]
[SourceQuality "1"]

1. d4 Nf6 2. c4 e6 3. Nc3 Bb4 4. e3 c5 5. Bd3 b6 6. a3 Bxc3+ 7. bxc3 Nc6 8. Nf3 Na5 9. e4 d6 10. Bg5 h6 11. Bh4 g5 12. Bg3 Ba6 13. 0-0 0-0 14. Nd2 e5 15. d5 Kg7 16. f3 Nh5 17. Qe2 Qf6 18. Rfe1 Kh8 19. Bf2 Nf4 20. Qf1 Rg8 21. g3 Nxd3 22. Qxd3 Rg6 23. Be3 Rag8 24. Rf1 Qe7 25. Kh1 Qd7 26. a4 Qh3 27. Rf2 h5 28. Raf1 Bc8 29. Rg1 Qd7 30. Ra1 f5 31. exf5 Qxf5 32. Ne4 Rf8 33. g4 Qf7 34. gxh5 Rh6 35. Bxg5 Rxh5 36. Bf6+ Qxf6 37. Nxf6 Rxf6 38. Rg1 Bf5 39. Qe2 Rhh6 40. Rfg2 Bh7 41. Rg7 Rf4 42. Rxa7 Rhf6 43. Rxh7+ Kxh7 44. Qg2 1-0